00290 a2200133 4500001000700000020001800007040003500025100001600060240002900076245002700105300000700132362000900139440000800148157393 a9788571533677 cEscola São Tomás de Aquino aVALE, Mario10aO elefante e a formigal10aO elefante e a formiga a240 a2018 1aRHJ